Por todas partes se va a Roma / (Record no. 140614)

MARC details
000 -LEADER
campo de control de longitud fija 00526nam a2200169 4500
001 - NÚMERO DE CONTROL
campo de control 140614
003 - IDENTIFICADOR DE NÚMERO DE CONTROL
campo de control ES-MaACL
005 - FECHA Y HORA DE LA ÚLTIMA TRANSACCIÓN
campo de control 20230906200119.0
007 - CAMPO FIJO DE DESCRIPCIÓN FÍSICA--INFORMACIÓN GENERAL
campo de control de longitud fija t|
008 - DATOS DE LONGITUD FIJA--INFORMACIÓN GENERAL
campo de control de longitud fija 070214s1961 sp r ||||1| spa d
100 1# - ENTRADA PRINCIPAL--NOMBRE DE PERSONA
Nombre de persona Seipolt, Adalbert.
9 (RLIN) 105269
245 10 - MENCIÓN DEL TÍTULO
Título Por todas partes se va a Roma /
Mención de responsabilidad, etc. Adalbert Seipolt ; [versión española de Alejandro Ros].
260 ## - PUBLICACIÓN, DISTRIBUCIÓN, ETC.
Lugar de publicación, distribución, etc. Barcelona :
Nombre del editor, distribuidor, etc. Herder,
Fecha de publicación, distribución, etc. 1961 (
Fabricante Grafesa)
300 ## - DESCRIPCIÓN FÍSICA
Extensión 150 p. :
Otras características físicas il. ;
Dimensiones 19 cm.
700 1# - ENTRADA AGREGADA--NOMBRE PERSONAL
Nombre de persona Ros, Alejandro.
9 (RLIN) 99564
852 ## - LOCALIZACIÓN
Ubicación ES-MaACL
Número de control de estantería F-6316
Sublocalización o colección R.48515
Holdings
Estatus retirado Estado de pérdida Estado de daño No para préstamo Biblioteca de origen Biblioteca actual Ubicación en estantería Fecha de adquisición Fuente de adquisición Total de préstamos Signatura topográfica completa Código de barras Visto por última vez Precio de reemplazo Tipo de ítem Koha
        Biblioteca del Ateneo de Madrid Biblioteca del Ateneo de Madrid Depósito 2 17/01/2008     F-6316 1146324 23/02/2023 23/02/2023 Libro impreso